000 00668nam a22002177a 4500
003 UA-OsUOA
001 79788
007 ta
008 20111121b un ||||| |||| 00| 0 ukr d
100 _aБобяк А.П.
090 _a330(477)
_bБ72
942 _cSA
040 _aUA-OsUOA
_bukr
_cUA-OsUOA
_dUA-OsUOA
245 _aФормування інформаційної системи економічного аналізу власного капіталу
300 _aС.34-38
955 _a0
041 _aukr
080 _a330(477)
773 0 _w79778
_tСтатистика України
_dК.
_d2011
_g3
650 7 _a330 Економіка взагалі
_2UDC
999 _c366136
_d366136